| 000 | 01003nam a2200277 a 4500 | ||
|---|---|---|---|
| 001 | 000054401 | ||
| 005 | 20200120222838.0 | ||
| 008 | 130129s1981 sp a gr 000 0 spa d | ||
| 020 | _a8401805112. | ||
| 041 | 0 | _a/spa | |
| 082 | 0 | 4 |
_a658.312 _bP27p _221 |
| 100 | 1 | _aPeter, Laurence J. | |
| 245 | 1 | 3 |
_aEl principio de Peter : _btratado sobre la incompetencia o por qué las cosas van siempre mal / _cLaurence J. Peter, Raymond Hull ; traducción Adolfo Martín. |
| 250 | _a13 a. ed. | ||
| 260 |
_aBarcelona : _bPlaza & Janes, _c1981. |
||
| 300 |
_a270 p. : _bil. |
||
| 500 | _aEj.1 de Biblioteca Mosquera corresponde a la colección de la Casa de la Cultura | ||
| 500 | _aTítulo original : The Peter principle. | ||
| 650 | 1 | 4 | _aAdministración industrial. |
| 650 | 2 | 4 |
_aEmpleados _xSelección y nombramiento. |
| 650 | 2 | 4 | _aEjecutivos. |
| 650 | 2 | 4 | _aÉxito en los negocios. |
| 650 | 2 | 4 | _aAdministración de personal. |
| 700 | 1 |
_aMartín, Adolfo, _etraductor. |
|
| 700 | 1 |
_aHull, Raymond, _d1919- |
|
| 999 |
_c3991 _d3991 |
||